00532nai a2200157Ia 4500003000900000008004100009022002200050022002300072040001600095245003000111260005100141310001500192362002600207521006900233856007200302IN-BaIIA211028c9999 xx s 000 0 eng d a0209-9683 (Print) a1439-6912 (Online) cIIA Library 0aCombinatoricah[eJournal] aHeidelber, GermanybSpringer Berlin Heidelberg aBi-monthly a17(1); 1997 - Present bSubscribed through National Knowledge Resource Consortium (NKRC) uhttps://www.springer.com/journal/493yClick Here to Access eJournal